LEADER 00861nas a2200241 i 4500 001 000000136277 003 CaOOAMICUS 005 20190418152526.0 008 050322b2004 it uu u0 0mul r 013 $a109761 040 $aSeMil$bita 245 10$a2004 : Aprile. 260 $aGenova :$bName,$c2004. 300 $a193 p. :$bgrafici, tabelle ;$c21 cm. 500 $aContiene : Summaries = Riassunti [in inglese o in italiano]. 773 0 $tQuaderni di Scienza Politica.$dMilano : Giuffrè, 1994.$x1124-7959$w()2666 774 0 $t[vedi periodico].$w()260621 850 $aSeMil 852 $aSeMil$W1$xVenegono$y1$m198 4 52$j89895$B89895$CSeMilBibl$Z2$F94709 $85 961 $aAbbonamento: Name 996 $6245$a2004 : Aprile$9(OLS)http://semarc/title/199157 996 $6260$aGenova :$bName$9(OLS)http://semarc/publisher/32482 LEADER 00943nam a2200205 i 4500 001 000000253597 003 CaOOAMICUS 005 20170405000000.0 008 170405s1860 it u000 u ita u 013 $a232502 040 $aSeMil$bita 240 10$aBorboni di Napoli.$0(OLS)http://semarc/title/410645 245 10$aVol. 2. 300 $a1076 p., [12] c. di tav. :$bill. 773 0 $aLa Cecilia, Giovanni <1801-1880>$tStorie segrete delle famiglie reali o Misteri della vita intima dei Borboni di Francia, di Spagna, di Parma, di Napoli, e della famiglia Absburgo-Lorena d'Austria e di Toscana.$dGenova : A spese degli Editori, 1860.$g2$w()4829 850 $aSeMil 852 $aSeMil$W1$xVenegono$y1$m3S V 8 FA$j203942$B203942$CSeMilBibl$Z2$F217377 $8I 852 $aSeMil$W1$xVenegono$y1$m3S V 7 FA$j203943$B203943$CSeMilBibl$Z2$F217376 $8I 961 $aContinuazione del vol. 2 996 $6245$aVol. 2$9(OLS)http://semarc/title/13458